Những câu hỏi liên quan tới kiến thức về bảo vệ trẻ em /
Salvato in:
| Ente Autore: | |
|---|---|
| Natura: | Articolo |
| Lingua: | Vietnamese |
| Soggetti: | |
| Tags: |
Aggiungi Tag
Nessun Tag, puoi essere il primo ad aggiungerne! !
|
| Thư viện lưu trữ: | Thư viện Trường Đại học Đà Lạt |
|---|
| LEADER | 00755nam a2200253 4500 | ||
|---|---|---|---|
| 001 | DLU120136324 | ||
| 040 | # | # | |a DLU |b vie |
| 041 | # | # | |a vie |
| 044 | # | # | |a vn |
| 245 | # | # | |a Những câu hỏi liên quan tới kiến thức về bảo vệ trẻ em / |c Gia đình và trẻ em. |
| 653 | # | # | |a Bảo vệ trẻ em |
| 653 | # | # | |a Buôn người |
| 653 | # | # | |a Tội phạm |
| 710 | # | # | |a Gia đình và trẻ em. |
| 773 | # | # | |t Gia đình và trẻ em |g Số 31, 2009, tr. 39 |
| 920 | # | # | |a Phòng Tạp chí -- Trung tâm Thông tin - Thư viện Trường Đại học Đà Lạt |
| 994 | # | # | |a DLU |
| 900 | # | # | |a True |
| 911 | # | # | |a Nguyễn Thị Linh Chi |
| 925 | # | # | |a G |
| 926 | # | # | |a A |
| 927 | # | # | |a BB |
| 980 | # | # | |a Thư viện Trường Đại học Đà Lạt |